01852nam a2200349 a 4500001001000000005001700010008004100027041000800068044000800076084002000084100005000104245020900154260003400363300002200397500018700419500025300606500004300859500001000902546002400912650005700936650006100993650003901054650005001093700004501143700006601188700005001254740005001304902000801354942001101362999001501373952011401388BRCA_323920190320204159.0060309s1809----enka---###---#000-0#eng-# aeng aenk a540b.W48c18091 aCervantes Saavedra, Miguel ded1547-1616921310aThe Life and Exploits of the Ingenious Gentleman Don Quixote de la ManchacTranslated from the Original Spanish of Miguel de Cervantes Saavedra by Charles Jarvis to which is Prefixed a Life of the Author. aLondresbC. Whittinghamc1809 a4 v.bil.c13 cm. aContenido : v.1. Primera parte. Noticia biográfica sobre Cervantes por J. A. Pellicer. Prólogo del autor. -- v.2. Texto. -- v.3. Segunda parte. Prólogo del autor. -- v.4. Texto aTraducción de Jarvis, a la cual se ha añadido una Vida de Cervantes tomada de la escrita por Pellicer. Las láminas son obra de T. Stothard. Edición de surtido, pero bien impresa. Semipiel; con adornos dorados en las lomeras Lúdovik Osterc aIncluye notas al final de cada volumen aQM435 aTexto en : inglés14aNovela españolayÉpoca clásica, 1500-1700921514aLiteratura españolayÉpoca clásica, 1500-1700921614aNovela españolaySiglo XVII921714aDon Quijote (Personaje ficticio)eNovela92181 aJarvis, Charlesd?-1739eTraductor986351 aPellicer y Pilares, Juan Antoniod1738-1806eBiógrafo986361 aStothard, Thomasd1755-1834eIlustrador986370 aEl Ingenioso Hidalgo Don Quijote de la Mancha aQFM 2lcccB c2975d2975 00104070aBRCAbBRCAd2009-03-06iQM435l0o540 .W48 1809 (QM435)p3236r2019-03-22 00:00:00w2019-03-22yB